Peter Bartoš : Bratislava Zoo, 1979-1991 /

Salvato in:
Dettagli Bibliografici
Autori principali: Feriancová, Petra (Autore), Bartoš, Peter (Autore), Keratová, Mira (Autore), Soós, Borbála (Autore)
Natura: Libro
Lingua:inglese
Pubblicazione: Bratislava : Archiving Air Press, 2019
Edizione:1. vydanie
Serie:On Directing Air, #2 2019
Soggetti:
Tags: Aggiungi Tag
Nessun Tag, puoi essere il primo ad aggiungerne!!

MARC

LEADER 00000nam a22000003a 4500
001 0089516
003 SK-STU
005 20210715161744.9
007 ta
008 210715s ----xo-----e------000-0-----d
040 |a STU  |b slo 
041 0 |a eng 
044 |a xo 
100 1 |a Feriancová, Petra  |4 aut 
245 1 0 |a Peter Bartoš :  |b Bratislava Zoo, 1979-1991 /  |c aut. Petra Feriancová, Peter Bartoš, Mira Keratová, Borbála Soós 
250 |a 1. vydanie 
260 |a Bratislava :  |b Archiving Air Press,  |c 2019 
300 |a 72 s. 
490 0 |a On Directing Air,  |v #2 2019 
650 0 7 |a výtvarníci slovenskí 
650 0 7 |a moderné umenie 
650 0 7 |a výtvarné umenie 
650 0 7 |a ZOO 
650 0 7 |a Bratislava 
700 1 |a Bartoš, Peter  |4 aut 
700 1 |a Keratová, Mira  |4 aut 
700 1 |a Soós, Borbála  |4 aut 
996 |b 284AU08846  |c A* 12126/U  |l AAKNST  |s P  |a 0  |w 0089516_0001 
996 |b 284AU08847  |c A* 12127/U  |l AAKNAR  |s A  |a 24  |w 0089516_0002 
996 |b 284AU08848  |c A* 12128/U  |l AAKNAR  |s A  |a 24  |w 0089516_0003